[Event "It Chiburdanidze"]
[Site "Tblisi GEO"]
[Date "2004.12.10"]
[Round "8"]
[White "Javakhishvili,L"]
[Black "Dzagnidze,N"]
[Result "0-1"]
[WhiteElo "2423"]
[BlackElo "2484"]

1.d4 Nf6 2.c4 e6 3.Nf3 b6 4.Nc3 Bb4 5.Bg5 Bb7 6.Nd2 h6 7.Bh4 O-O 8.e3 c5
9.a3 Bxc3 10.bxc3 d6 11.Bd3 cxd4 12.cxd4 Nbd7 13.O-O Qc7 14.f4 Rfc8 15.Qe2 d5
16.cxd5 Nxd5 17.f5 e5 18.Bg3 Nc3 19.Qf2 Qd8 20.Rac1 exd4 21.exd4 Nf6 22.Bh4 b5
23.Rc2 a5 24.Nb1 Nce4 25.Rxc8 Rxc8 26.Qb2 Qd5 27.Re1 b4 28.axb4 axb4 29.Bf1 Qxf5
30.Qxb4 Bd5 31.Qb2 g5 32.Bf2 Ng4 33.Be3 Nef6 34.h3 Nxe3 35.Rxe3 Rc2 36.Qb8+ Kg7
37.Re2 Rxe2 38.Bxe2 Qe4 39.Bf1 Qxd4+ 40.Kh2 Nh5 41.Qc7 Qf2 42.Qe5+ Nf6 43.Nc3 Bc6
44.Qe2 Qf4+ 45.g3 Qd4 46.Nd1 Bb5 47.Qxb5 Qxd1 48.Qf5 Qd4 49.Bg2 Nd7 50.Be4 Qd2+
51.Kh1 Nf6 52.Bg2 Qe3 53.Kh2 Qe6 54.Qd3 Qe5 55.Bf3 h5 56.Kg2 h4 57.gxh4 gxh4
58.Bg4 Nd5 59.Qf3 Nf4+ 60.Kf2 f5 61.Qb7+ Kf6 62.Qb6+ Ne6 63.Bf3 Qg3+ 64.Ke2 Qxh3
65.Bd5 Qh2+ 66.Kf1 Qf4+ 67.Kg1 Qc1+ 68.Kh2 Qd2+ 69.Bg2 Qf4+ 70.Kh1 Qc1+ 71.Kh2 Qc7+
72.Qxc7 Nxc7 73.Bb7 Ne6 74.Bc8 Ng5 75.Kg2 Ke5 76.Bd7 Kf4 77.Be8 Ke4 78.Kf2 Kf4
79.Kg2 Kg4 80.Bd7 Ne4 81.Bc8 Nc3 82.Bb7 h3+ 83.Kh2 Nd1 84.Bc8 Ne3 85.Bd7 Kh4
86.Bc8 Ng4+ 87.Kg1 Kg3 88.Bb7 h2+  0-1

[Event "It Chiburdanidze"]
[Site "Tblisi GEO"]
[Date "2004.12.12"]
[Round "10"]
[White "Javakhishvili,L"]
[Black "Charkhalashvili,I"]
[Result "1/2-1/2"]
[WhiteElo "2423"]
[BlackElo "2278"]

1.d4 Nf6 2.c4 e6 3.Nf3 b6 4.Nc3 Ba6 5.e4 d6 6.Bd3 Bb7 7.O-O Be7 8.Be3 Nbd7
9.Nd2 e5 10.d5 O-O 11.g3 Re8 12.f3 Bf8 13.b4 a5 14.a3 Nb8 15.Nb3 axb4 16.axb4 c5
17.bxc5 Rxa1 18.Qxa1 bxc5 19.Rb1 Qc8 20.Qa7 Na6 21.Nxc5 Nxc5 22.Bxc5 Ba6
23.Bb4 Bxc4 24.Bc2 Re7 25.Qa3 Rb7 26.Kg2 Qb8 27.Ba4 Qa7 28.Bc6 Qxa3 29.Bxa3 Ra7
30.Bc1 Nd7 31.Na4 Bd3 32.Be3 Rxa4 33.Bxa4 Bxb1 34.Bxd7 Be7 35.Bb6 Kf8 36.Bc7 g6
37.g4 h6 38.h4 Bc2 39.Kg3 Kg7 40.Bc8 f6 41.h5 gxh5 42.gxh5 Bd1 43.Be6 Be2
44.Kf2 Bd1 45.Ke3 Ba4 46.Kd2 Be8 47.Bg4 Bf7 48.Ke3 Be8 49.Kd3 Bb5+ 50.Kc3 Be8
51.Kb4 f5 52.Bxf5 Bxh5 53.Kb5 Be8+ 54.Kb6 Kf6 55.Kb7 h5 56.Ba5 Kg5 57.Bd2+ Kh4
58.Be1+ Kg5 59.Bd2+ Kh4 60.f4 Kg3 61.fxe5 dxe5 62.Be1+ Kg2 63.Kc7 h4 64.Bc3 Bf6
65.d6 h3 66.Bxh3+ Kxh3 67.d7 Bg6 68.Kc8 Bxe4 69.Bxe5 Bf5  1/2-1/2

[Event "III Pereyra Mem"]
[Site "Mendoza ARG"]
[Date "2004.12.14"]
[Round "6"]
[White "Goldwaser,C"]
[Black "Hellsten,J"]
[Result "0-1"]
[WhiteElo "2214"]
[BlackElo "2564"]

1.d4 Nf6 2.c4 e6 3.Nf3 b6 4.Nc3 Bb4 5.Bg5 h6 6.Bh4 Bb7 7.e3 g5 8.Bg3 Ne4
9.Qc2 Bxc3+ 10.bxc3 Nxg3 11.fxg3 Nc6 12.Bd3 Qe7 13.O-O O-O-O 14.Rf2 h5 15.c5 d6
16.cxd6 cxd6 17.e4 Kb8 18.Raf1 Rc8 19.Qd2 Rhg8 20.h4 f6 21.Ne1 gxh4 22.gxh4 Rg6
23.e5 f5 24.exd6 Qxd6 25.Nf3 Rg4 26.Re1 Rcg8 27.Qh6 Nd8 28.Be2 Nf7 29.Qe3 Re4
30.Qd2 Qg3 31.Bd3 Rxe1+ 32.Nxe1 Qxh4 33.Qf4+ Qxf4 34.Rxf4 Rg4 35.Rxg4 hxg4
36.Bc4 Ng5 37.Kf2 Kc7 38.Ke3 Kd6 39.Bd3 Ne4 40.c4 e5 41.d5 Ng3  0-1

[Event "Lidums Australian Open"]
[Site "Mount Buller AUS"]
[Date "2004.12.29"]
[Round "2"]
[White "Johansen,D"]
[Black "Sonter,M"]
[Result "1-0"]
[WhiteElo "2483"]
[BlackElo "2206"]

1.d4 Nf6 2.Nf3 e6 3.c4 b6 4.Nc3 Bb4 5.Bg5 Bb7 6.e3 h6 7.Bh4 Qe7 8.Bd3 Bxc3+
9.bxc3 d6 10.O-O Nbd7 11.Nd2 g5 12.Bg3 e5 13.Bf5 O-O-O 14.c5 dxc5 15.Bxe5 Rhe8
16.a4 Kb8 17.Bg3 h5 18.h3 h4 19.Bh2 g4 20.hxg4 h3 21.Re1 hxg2 22.e4 Rh8 23.Bg3 Nf8
24.d5 Nxd5 25.exd5 Bxd5 26.f3 Bxf3 27.Rxe7 Rh1+ 28.Kf2 Rxd1 29.Bxc7+  1-0

[Event "112th ch-NZL"]
[Site "Wanganui NZL"]
[Date "2005.01.04"]
[Round "4"]
[White "Lukey,S"]
[Black "Dive,RJ"]
[Result "1-0"]
[WhiteElo "2276"]
[BlackElo "2334"]

1.d4 Nf6 2.c4 e6 3.Nf3 b6 4.Nc3 Bb4 5.Bg5 Bb7 6.e3 O-O 7.Bd3 c5 8.O-O Bxc3
9.bxc3 d6 10.Nd2 h6 11.Bh4 e5 12.dxe5 dxe5 13.Be4 Nc6 14.Bxf6 Qxf6 15.Bd5 Rad8
16.Ne4 Qe7 17.f4 exf4 18.Rxf4 Ne5 19.Qh5 Bxd5 20.cxd5 Rxd5 21.Raf1 c4 22.h3 Ra5
23.Rf5 f6 24.Ng3 Rxa2 25.R5f4 Qe8 26.Qf5 Qc6 27.Re4 Rd8 28.Nh5 Rdd2 29.Nf4 Nd3
30.Qg6 Ne5 31.Rxe5 Rd8 32.Re7  1-0

[Event "XI Open A"]
[Site "Bosnjaci CRO"]
[Date "2005.01.06"]
[Round "6"]
[White "Predojevic,B"]
[Black "Savic,Miod1"]
[Result "1/2-1/2"]
[WhiteElo "2509"]
[BlackElo "2503"]

1.d4 Nf6 2.c4 e6 3.Nf3 b6 4.Nc3 Bb7 5.Bg5 Be7 6.Qc2 h6 7.Bh4 d6 8.e4 Nbd7
9.Bg3 Nh5 10.Bd3 c6 11.O-O Qc7 12.Rfe1 e5 13.Rad1 O-O 14.Bf1 Nxg3 15.hxg3 Rfd8
16.b4 Rac8 17.Qb3 Bf6 18.a3 Qb8 19.Rd2 Nf8 20.d5 c5 21.Rb1 Nd7 22.g4 Bg5
23.Nxg5 hxg5 24.g3 g6 25.f3 Kg7 26.Rbb2 Rh8 27.Qa4 Rcd8 28.Rh2 Rxh2 29.Rxh2 cxb4
30.axb4 a6 31.Qa3 Rh8 32.Rxh8 Qxh8 33.Kg2 Qb8 34.Be2 Qc7 35.Kf2 Kf6 36.Ke1 Qb8
37.Kd2 Ke7 38.Na4 Qc7 39.Qe3 Kf6 40.Nc3 Qc8 41.Na4 Qc7 42.Bd3 Bc8 43.Nc3 Qd8
44.Na4 Qc7 45.Nc3 Qd8 46.Na4 Kg7 47.Bc2 Qc7 48.Qc3 Qa7 49.Qe3 a5 50.bxa5 Qxa5+
51.Qc3 Qa7 52.Qb4 Qc7 53.Qb5 Bb7 54.Bd3  1/2-1/2

[Event "XXX Open"]
[Site "Seville ESP"]
[Date "2005.01.11"]
[Round "5"]
[White "Mirzoev,A"]
[Black "Campora,D"]
[Result "1/2-1/2"]
[WhiteElo "2513"]
[BlackElo "2549"]

1.d4 Nf6 2.Nf3 e6 3.c4 b6 4.Nc3 Bb4 5.Qb3 c5 6.a3 Ba5 7.Bg5 h6 8.Bxf6 Qxf6
9.e3 Bb7 10.Be2 Nc6 11.Rd1 cxd4 12.exd4 Rc8 13.O-O Bxc3 14.Qxc3 O-O 15.b4 Ne7
16.Ne5 d6 17.Ng4 Qg6 18.f3 f5 19.Nf2 Qf6 20.Qd2 Rc7 21.Rfe1 Ng6 22.Bf1 Nh4
23.Qf4 Rd7 24.a4 Rfd8 25.Qe3 Re7 26.a5 Rde8 27.c5 f4 28.Qc3 bxc5 29.bxc5 Rc8
30.Rc1 Rec7 31.Ne4 Qg6 32.Kh1 Nf5 33.Qd2 Bxe4 34.fxe4 Ng3+ 35.Kg1 Nxf1 36.Rxf1 Qxe4
37.Rce1  1/2-1/2

[Event "TCh-BEL 2004-5"]
[Site "Belgium BEL"]
[Date "2005.01.16"]
[Round "7"]
[White "Malakhatko,V"]
[Black "Van Beers,E"]
[Result "1/2-1/2"]
[WhiteElo "2569"]
[BlackElo "2378"]

1.d4 Nf6 2.Nf3 e6 3.c4 b6 4.Nc3 Bb7 5.Bg5 h6 6.Bh4 Be7 7.Qc2 c5 8.dxc5 bxc5
9.e3 d6 10.Be2 O-O 11.O-O Nbd7 12.Rfd1 Qb6 13.h3 Rfd8 14.Rd2 Nf8 15.Rad1 Rd7
16.Ne1 Rad8 17.Bf3 Ng6 18.Bg3 d5 19.b3 dxc4 20.bxc4 Rxd2 21.Rxd2 Ba6 22.Be2 Rxd2
23.Qxd2 Qd8 24.Qxd8+ Bxd8 25.Nb5 Bb6 26.Nc2 Nd7 27.f3 Nge5 28.Kf1 Bb7 29.Be1 a6
30.Nba3 Bc6 31.Na1 Ba4 32.Nb1 Bd8 33.Nc3 Bc6 34.Nb3 Be7 35.f4 Ng6 36.Na5 Ba8
37.Bf3 Bxf3 38.gxf3 Bh4 39.Bd2 Bd8 40.Nc6 Bc7 41.Na4 Nb6 42.Nxb6 Bxb6 43.Nb8 Ne7
44.Nxa6 Nc6 45.Ke2 Kf8 46.a4 Ke7 47.a5 Bxa5 48.Nxc5 e5 49.Bxa5 Nxa5 50.fxe5 Nxc4
51.f4 f6 52.Kd3 Nb2+ 53.Kd4 fxe5+ 54.Kxe5 Nd1 55.e4 Nf2 56.h4 Kf7 57.Kd6 g5
58.hxg5 hxg5 59.fxg5 Nh3  1/2-1/2

[Event "Zimski Winter Open"]
[Site "Belgrade SCG"]
[Date "2005.01.27"]
[Round "5"]
[White "Bozovic,V"]
[Black "Pantovic,D"]
[Result "1/2-1/2"]
[WhiteElo "2186"]
[BlackElo "2131"]

1.Nf3 Nf6 2.d4 e6 3.c4 b6 4.Nc3 Bb7 5.a3 d5 6.Bg5 Be7 7.Bxf6 Bxf6 8.cxd5 exd5
9.g3 O-O 10.Bg2 Re8 11.O-O a6 12.Qb3 Qd6 13.Rad1 Nd7 14.e3 c5 15.Ne2 Rac8
16.h4 c4 17.Qc2 g6 18.Nf4 Bg7 19.Ng5 Nf6 20.Rfe1 h6 21.Nf3 Ne4 22.Nd2 Nf6
23.e4 Nxe4 24.Nxe4 dxe4 25.Bxe4 Bxe4 26.Rxe4 Red8 27.d5 b5 28.h5 g5 29.Ng2 Qf6
30.Re2 c3 31.b4 Qf3 32.Ne3 Re8 33.Rde1 Bd4 34.d6 Rcd8 35.Qf5 Qxh5 36.Ng4 Rxe2
37.Rxe2 Qg6 38.d7 Qxf5 39.Nxh6+ Kh7 40.Nxf5 Rxd7 41.Nxd4 Rxd4 42.Rc2 Rc4
43.Kf1 Kg6 44.Ke2 Kf5 45.Kf3 Ke5 46.Ke3 Kf5 47.Kf3 f6 48.g4+ Ke5 49.Ke3 f5
50.gxf5 Kxf5 51.f3 Ke5 52.Kd3 Kd5 53.Rxc3 g4 54.fxg4 Rxg4 55.Rc5+  1/2-1/2

[Event "TCh-BEL 2004-5"]
[Site "Belgium BEL"]
[Date "2005.01.30"]
[Round "8"]
[White "Wemmers,X"]
[Black "Saiboulatov,D"]
[Result "1/2-1/2"]
[WhiteElo "2366"]
[BlackElo "2359"]

1.d4 Nf6 2.c4 e6 3.Nf3 b6 4.Nc3 Bb4 5.Bg5 Bb7 6.e3 h6 7.Bh4 g5 8.Bg3 Ne4
9.Nd2 Nxc3 10.bxc3 Bxc3 11.Rc1 Ba5 12.h4 Rg8 13.Qh5 Qf6 14.Bxc7 Nc6 15.hxg5 Rxg5
16.Qh4 Qf5 17.Bf4 Bxd2+ 18.Kxd2 Qa5+ 19.Rc3 Qxa2+ 20.Rc2 Qa5+ 21.Ke2 O-O-O
22.Bxg5 hxg5 23.Qg3 Qa4 24.Rb2 Qa1 25.Rd2 Ba6 26.f3 Bxc4+ 27.Kf2 Qc3 28.Ra2 a5
29.Qd6 Kb7 30.Bxc4 Qxc4 31.Raa1 Qc2+ 32.Kg3 f5 33.Rhc1 f4+ 34.exf4 gxf4+
35.Kxf4 Qd2+ 36.Ke4 Qe2+ 37.Kf4 Qd2+ 38.Ke4 Qe2+ 39.Kf4 Qd2+ 40.Ke4  1/2-1/2

[Event "Oceania zt"]
[Site "Auckland NZL"]
[Date "2005.02.01"]
[Round "5"]
[White "Krstev,A"]
[Black "Sonter,M"]
[Result "0-1"]
[WhiteElo "2132"]
[BlackElo "2206"]

1.d4 Nf6 2.c4 e6 3.Nf3 b6 4.Nc3 Bb4 5.Qc2 Bb7 6.Bg5 h6 7.Bxf6 Qxf6 8.e4 Bxc3+
9.bxc3 d6 10.Bd3 O-O 11.h4 Nc6 12.Qe2 e5 13.Qe3 Rfe8 14.g4 exd4 15.cxd4 Nb4
16.Nd2 Nxd3+ 17.Qxd3 c5 18.f3 cxd4 19.g5 hxg5 20.hxg5 Qxg5 21.O-O-O Qe3 22.Qb3 f5
23.exf5 Bxf3 24.Qxe3 Rxe3 25.Nxf3 Rxf3 26.Rxd4 Rxf5 27.Rxd6 Rc8 28.Rh4 Rfc5
29.Rdd4 b5 30.Kb2 Rxc4 31.Rxc4 Rxc4 32.Rh5 a6 33.Rd5 Ra4 34.Kb3 Kh7 35.Rd2 g5
36.Kc3 Kg6 37.Kd3 Kf5 38.Ke3 Ra3+ 39.Kf2 g4 40.Re2 b4 41.Kg2 g3 42.Kh3 a5
43.Kg2 Kf4 44.Kh3 Re3 45.Rc2 Ke4 46.Rc5 Ra3 47.Rc2 Kd3 48.Rg2 Kc4 49.Kg4 a4
50.Rc2+ Rc3 51.Re2 b3 52.Re4+ Kd3 53.Rxa4 b2  0-1

[Event "1st IRT Open"]
[Site "Villa Ballester ARG"]
[Date "2005.02.01"]
[Round "8"]
[White "Vidmar,R"]
[Black "Aguila,G"]
[Result "0-1"]
[WhiteElo "1909"]
[BlackElo "2273"]

1.Nf3 Nf6 2.d4 b6 3.c4 e6 4.Nc3 Bb7 5.g3 Bxf3 6.exf3 d5 7.cxd5 Nxd5 8.Bg2 Be7
9.Qa4+ Qd7 10.Qxd7+ Nxd7 11.Nxd5 exd5 12.Be3 O-O 13.O-O c5 14.f4 Nf6 15.Rac1 c4
16.a3 b5 17.g4 Nxg4 18.Bxd5 Rac8 19.h3 Nf6 20.Bf3 Rfd8 21.Rfd1 Nd5 22.Rc2 a5
23.Rdc1 a4 24.Kg2 Rc6 25.Kg3 Rg6+ 26.Kh2 Rf6 27.Kg3 g6 28.Re1 Re6 29.Rce2 Bf6
30.Rd1 Red6 31.Be4 Bg7 32.Bf3 Ne7 33.Kh2 Nd5 34.Kg3 Kf8 35.Kh2 Bh6 36.Kg3 Rf6
37.f5 Nxe3 38.fxe3 gxf5 39.Kf2 Ke7 40.Bg2 Rfd6 41.Bf3 Kf6 42.Kg2 Re8 43.Rde1 Rde6
44.Bd5 Rxe3 45.Kf2 f4 46.Bc6 Rb8 47.d5 Ke5 48.Rd1 Kd6 49.Rg1 Rxh3 50.Kg2 Rb3
51.Rf2 Rg8+ 52.Kf1 Rxg1+ 53.Kxg1 f3  0-1

[Event "TCh-SWE Elitserien 2004-5"]
[Site "Sweden SWE"]
[Date "2005.02.05"]
[Round "7"]
[White "Sjoberg,M"]
[Black "Astrom,G"]
[Result "1/2-1/2"]
[WhiteElo "2346"]
[BlackElo "2308"]

1.d4 Nf6 2.c4 e6 3.Nf3 b6 4.Nc3 Bb7 5.Bg5 Bb4 6.Qb3 c5 7.e3 h6 8.Bh4 g5 9.Bg3 Ne4
10.Bd3 Bxc3+ 11.bxc3 Nxg3 12.hxg3 Qe7 13.d5 d6 14.O-O-O Nd7 15.dxe6 fxe6
16.Bg6+ Kd8 17.Rd2 Kc7 18.Rhd1 Nf8 19.Qc2 Nxg6 20.Qxg6 Rag8 21.Qc2 Rd8 22.e4 Qh7
23.e5 Qxc2+ 24.Kxc2 dxe5 25.Nxe5 Rxd2+ 26.Rxd2 Bc6 27.Kd1 Rf8 28.Ke2 Rf5
29.Nxc6 Kxc6 30.Rd8 Re5+  1/2-1/2

[Event "5th It"]
[Site "Pulvermuehle GER"]
[Date "2005.02.10"]
[Round "8"]
[White "Balinov,I"]
[Black "Wells,P"]
[Result "0-1"]
[WhiteElo "2372"]
[BlackElo "2519"]

1.d4 Nf6 2.c4 e6 3.Nf3 b6 4.Nc3 Bb7 5.Bg5 Be7 6.e3 h6 7.Bxf6 Bxf6 8.Bd3 c5
9.O-O O-O 10.Be4 d5 11.cxd5 exd5 12.Bf5 g6 13.Bh3 Re8 14.Rc1 Na6 15.a3 Nc7
16.dxc5 bxc5 17.Na4 c4 18.Nc5 Bc8 19.Bxc8 Rxc8 20.Qa4 Bxb2 21.Rb1 Rb8 22.Rfd1 Qe7
23.Qxa7 Ra8 24.Qb6 Bxa3 25.Nb7 c3 26.Qc6 Bb2 27.Nd4 Ra6 28.Qc5 Ne6 29.Qb5 Ra7
30.Nd6 Rea8 31.Qxd5 Nxd4 32.Qxd4 c2 33.Qxb2 cxd1=Q+ 34.Rxd1 Rd8 35.h4 Rad7  0-1

[Event "FSGM February"]
[Site "Budapest HUN"]
[Date "2005.02.12"]
[Round "8"]
[White "Almasi,I"]
[Black "Berczes,D"]
[Result "1/2-1/2"]
[WhiteElo "2427"]
[BlackElo "2313"]

1.Nf3 Nf6 2.d4 e6 3.c4 b6 4.Nc3 Bb4 5.Bg5 Bb7 6.Nd2 h6 7.Bh4 c5 8.d5 O-O
9.e4 d6 10.Be2 Re8 11.O-O Bxc3 12.bxc3 g5 13.Bg3 e5 14.a4 Nbd7 15.h4 Nf8
16.hxg5 hxg5 17.a5 Ng6 18.Qb3 Rb8 19.axb6 axb6 20.Rfb1 Bc8 21.Ra7 Kg7 22.Qa4 Bd7
23.Qa6 Rh8 24.Rb7 Rxb7 25.Qxb7 Qg8 26.f3 Bc8 27.Qxb6 Nh5 28.Nf1 Nhf4 29.Kf2 Qh7
30.Ne3 Nxe2 31.Kxe2 Nf4+ 32.Kd2 Qg6 33.Qc7  1/2-1/2

[Event "GM"]
[Site "Nancy FRA"]
[Date "2005.02.14"]
[Round "1"]
[White "Bauer,Ch"]
[Black "Istratescu,A"]
[Result "1/2-1/2"]
[WhiteElo "2636"]
[BlackElo "2617"]

1.d4 Nf6 2.c4 e6 3.Nf3 b6 4.Nc3 Bb4 5.Bg5 Bb7 6.Nd2 c5 7.d5 h6 8.Bh4 Bxc3
9.bxc3 Qe7 10.f3 g5 11.Bg3 d6 12.e4 Nbd7 13.Qa4 Kd8 14.O-O-O Kc7 15.Nb1 Nh5
16.Bf2 f5 17.Na3 a6 18.dxe6 Qxe6 19.exf5 Qxf5 20.Qc2 Qf6 21.Qd2 Rad8 22.Nc2 Ne5
23.Ne3 Nf4 24.h4 Bc6 25.Qc2  1/2-1/2

[Event "71st ch-BRA"]
[Site "Sao Paulo BRA"]
[Date "2005.02.15"]
[Round "3"]
[White "Galati,M"]
[Black "Caldeira,A"]
[Result "1-0"]
[WhiteElo "2195"]
[BlackElo "2320"]

1.d4 Nf6 2.c4 e6 3.Nf3 b6 4.Nc3 Bb7 5.a3 c5 6.d5 d6 7.e4 e5 8.Be2 Be7 9.Rb1 O-O
10.O-O Ne8 11.b4 Bc8 12.Ne1 g6 13.Nd3 f5 14.f4 Nf6 15.fxe5 Nxe4 16.Nxe4 fxe4
17.exd6 Bxd6 18.Nf4 Qe7 19.Bg4 Na6 20.Ne6 Rxf1+ 21.Qxf1 Nc7 22.Bg5 Qf7 23.Qxf7+ Kxf7
24.bxc5 Be5 25.Rf1+  1-0

[Event "Aeroflot Open B"]
[Site "Moscow RUS"]
[Date "2005.02.19"]
[Round "5"]
[White "Zhou Jianchao"]
[Black "Xu Yuhua"]
[Result "1-0"]
[WhiteElo "2421"]
[BlackElo "2487"]

1.d4 Nf6 2.c4 e6 3.Nf3 b6 4.Nc3 Bb4 5.Bg5 Bb7 6.Nd2 Be7 7.e3 c5 8.Bxf6 Bxf6
9.Nde4 Bxe4 10.Nxe4 cxd4 11.Nxf6+ Qxf6 12.Qxd4 Qxd4 13.exd4 Nc6 14.O-O-O d5
15.cxd5 exd5 16.Bb5 Kd7 17.Rd3 Kd6 18.Kd2 Rac8 19.Rc1 Ne7 20.Re1 Nc6 21.a3 Na5
22.Rg3 Rhg8 23.Re5 Nc4+ 24.Bxc4 Rxc4 25.Kd3 Rc1 26.Rf5 Ke6 27.Rfg5 g6 28.Re3+ Kd6
29.Rf3 Rd1+ 30.Ke3 Re8+ 31.Re5 Rxe5+ 32.dxe5+ Ke7 33.b4 h5 34.g3 Ke6 35.Rf6+ Kxe5
36.Rxf7 d4+ 37.Ke2 Rb1 38.Rxa7 Rb2+ 39.Kd3 Rxf2 40.Re7+ Kd5 41.Rd7+ Ke5 42.Kc4 Rc2+
43.Kb5 Ra2 44.a4 g5 45.Kxb6 Rxh2 46.a5 h4 47.gxh4 g4 48.a6 Rxh4 49.Kc5 g3
50.a7  1-0

[Event "Varsity Match"]
[Site "London ENG"]
[Date "2005.03.05"]
[Round "5"]
[White "Smallbone,K"]
[Black "Klein,Be"]
[Result "0-1"]
[WhiteElo "2170"]
[BlackElo "2094"]

1.d4 Nf6 2.Nf3 e6 3.c4 b6 4.Nc3 Bb4 5.Bg5 Bb7 6.e3 c5 7.Rc1 h6 8.Bh4 d6 9.a3 Bxc3+
10.Rxc3 g5 11.Bg3 Ne4 12.Rd3 Nd7 13.Nd2 Nxg3 14.hxg3 Qf6 15.Nf3 Rd8 16.Be2 e5
17.dxe5 Nxe5 18.Rd2 Ke7 19.O-O Qe6 20.Nxe5 dxe5 21.g4 f5 22.gxf5 Qxf5 23.Qc2 Qxc2
24.Rxc2 Be4 25.Rcc1 Rd2 26.Bg4 h5 27.Rfd1 Rxb2 28.Rd7+ Ke8 29.Rc7 Rh6 30.Rc8+ Ke7
31.Bd1 Kd7 32.Rg8 Rg6 33.Rh8 Rf6 34.f3 Bg6 35.Ra8 Rd6 36.Rxa7+ Ke6 37.Rg7 Kf6  0-1

[Event "Sozina Open"]
[Site "Bar SCG"]
[Date "2005.03.07"]
[Round "4"]
[White "Malakhatko,V"]
[Black "Mahesh Chandran,P"]
[Result "1/2-1/2"]
[WhiteElo "2569"]
[BlackElo "2472"]

1.d4 Nf6 2.Nf3 e6 3.c4 b6 4.Nc3 Bb4 5.Bg5 Bb7 6.Nd2 h6 7.Bh4 c5 8.d5 Bxc3
9.bxc3 d6 10.e4 e5 11.Bd3 Nbd7 12.f3 g5 13.Bf2 Nf8 14.Nf1 Ng6 15.Ne3 Kd7
16.a4 a5 17.Kd2 Kc7 18.Kc1 Bc8 19.g3 Bd7 20.Kb2 h5 21.Ka3 h4 22.Qd2 Nh5 23.Rab1 Rb8
24.Nf5 f6 25.Rb3 hxg3 26.hxg3 Ng7 27.Rbb1 Nxf5 28.exf5 Ne7 29.g4 Qf8 30.Bg3 Qg7
31.Qg2 Rxh1 32.Rxh1  1/2-1/2

[Event "Acropolis GM Open"]
[Site "Athens GRE"]
[Date "2005.03.09"]
[Round "4"]
[White "Halkias,S"]
[Black "Hadzimanolis,A"]
[Result "1-0"]
[WhiteElo "2533"]
[BlackElo "2303"]

1.d4 Nf6 2.Nf3 e6 3.c4 b6 4.Nc3 Bb4 5.Bg5 h6 6.Bh4 Bb7 7.Qb3 a5 8.e3 O-O
9.Bd3 d5 10.O-O Nbd7 11.cxd5 exd5 12.Bf5 Be7 13.Rac1 g6 14.Bxd7 Qxd7 15.Ne5 Qd8
16.Rfd1 Rc8 17.Nb5 g5 18.Bg3 Ne4 19.Nc6 Qd7 20.Qxd5 Qxd5 21.Nxe7+ Kg7 22.Nxd5 Nxg3
23.hxg3 Bxd5 24.b3 c6 25.Nc3 f5 26.Rc2 Bf7 27.Na4 b5 28.Nc5 Bd5 29.f3 Rfe8
30.Kf2 Re7 31.Nd3 Ra7 32.Rb1 a4 33.Nb4 axb3 34.axb3 Bf7 35.Rbb2 Ra3 36.Rxc6 Rxc6
37.Nxc6 Bxb3 38.e4 fxe4 39.fxe4 Kf6 40.d5 Ra2 41.Rxa2 Bxa2 42.Ke3 h5 43.Kd4 Bc4
44.e5+ Kf7 45.e6+ Kf6 46.e7 Kf7 47.Ne5+ Kxe7 48.Nxc4 bxc4 49.Kxc4  1-0

[Event "FSGM March"]
[Site "Budapest HUN"]
[Date "2005.03.09"]
[Round "5"]
[White "Berczes,D"]
[Black "Kallio,H"]
[Result "0-1"]
[WhiteElo "2313"]
[BlackElo "2469"]

1.d4 Nf6 2.c4 e6 3.Nf3 b6 4.Nc3 Bb7 5.a3 Ne4 6.Nxe4 Bxe4 7.Bg5 Be7 8.Bxe7 Qxe7
9.e3 d6 10.Bd3 Bb7 11.O-O Nd7 12.Nd2 O-O 13.Be4 c6 14.b4 Nf6 15.Bf3 Rac8
16.e4 c5 17.e5 Ne8 18.dxc5 bxc5 19.Bxb7 Qxb7 20.Nb3 Qc7 21.exd6 Nxd6 22.Nxc5 Nxc4
23.Qe2 Nb6 24.Rac1 Nd5 25.g3 Qe7 26.Qa6 Rcd8 27.Ne4 h6 28.Nc3 h5 29.Nxd5 Rxd5
30.Rfd1 h4 31.Qc4 Rh5 32.Qc7 Qf6 33.Qxa7 hxg3 34.hxg3 Qf3  0-1

[Event "IRT Eduardo Orosco"]
[Site "Pinamar ARG"]
[Date "2005.03.10"]
[Round "3"]
[White "Lopez Gonzalez,D"]
[Black "Fiori,H"]
[Result "1-0"]
[WhiteElo "2128"]
[BlackElo "2112"]

1.Nf3 Nf6 2.c4 e6 3.d4 b6 4.Nc3 Bb7 5.a3 d5 6.cxd5 exd5 7.g3 Bd6 8.Bg2 O-O
9.O-O c6 10.Bg5 Nbd7 11.e4 dxe4 12.Nxe4 Be7 13.Bxf6 Nxf6 14.Ne5 Nd5 15.Rc1 f5
16.Nc3 Qd6 17.Bxd5+ cxd5 18.Nb5 Qd8 19.Nc7 Bd6 20.Ne6 Qe7 21.Nxf8 Rxf8 22.Re1 Qg5
23.f4 Qh6 24.Qd2 Qh3 25.Nf3 h6 26.Re6 Rd8 27.Qe3 Kh7 28.Ne5 Qh5 29.Qf3 Qh3
30.Nf7  1-0

[Event "Acropolis GM Open"]
[Site "Athens GRE"]
[Date "2005.03.11"]
[Round "6"]
[White "Halkias,S"]
[Black "Rozentalis,E"]
[Result "1/2-1/2"]
[WhiteElo "2533"]
[BlackElo "2584"]

1.d4 Nf6 2.c4 e6 3.Nf3 b6 4.Nc3 Bb7 5.Bg5 h6 6.Bh4 Be7 7.Qc2 d5 8.Bxf6 Bxf6
9.cxd5 exd5 10.e3 O-O 11.g4 c5 12.O-O-O cxd4 13.exd4 Qd6 14.Qd2 Nc6 15.h4 Be7
16.g5 h5 17.Bd3 g6 18.Rhe1 Rfe8 19.Ne5 Nxe5 20.dxe5 Qe6 21.Nb5 Bc5 22.Kb1 Rac8
23.f4 d4 24.f5 gxf5 25.Qf4 Be4 26.Bxe4 fxe4 27.Qxe4 Qg6 28.Qxg6+ fxg6 29.Nd6 Bxd6
30.exd6 Re3 31.Rf1 Re4 32.a3 Rd8 33.Rf6 Rxh4 34.Rxg6+ Kf7 35.Rf6+ Kg8 36.Re1 d3
37.Rg6+ Kf7 38.Rf6+ Kg8 39.Rg6+ Kf7 40.Rf6+  1/2-1/2

[Event "FSGM March"]
[Site "Budapest HUN"]
[Date "2005.03.11"]
[Round "7"]
[White "Lagowski,P"]
[Black "Greet,A"]
[Result "0-1"]
[WhiteElo "2389"]
[BlackElo "2389"]

1.d4 Nf6 2.c4 e6 3.Nf3 b6 4.Nc3 Bb4 5.Qb3 c5 6.a3 Ba5 7.Bg5 h6 8.Bh4 g5 9.Bg3 g4
10.Nd2 cxd4 11.Nb5 Ne4 12.Nc7+ Kf8 13.Nxa8 Qg5 14.Qd3 Qxd2+ 15.Qxd2 Bxd2+
16.Kd1 Nxg3 17.hxg3 Bg5 18.b4 Na6 19.e3 dxe3 20.fxe3 Bxe3 21.Ke2 Bd4 22.Rd1 Be5
23.Kf2 Ke7 24.Rh5 f5 25.Be2 d6 26.c5 bxc5 27.b5 Nb8 28.b6 axb6 29.Nxb6 Bb7
30.Rb1 Be4 31.Rb3 Nd7 32.Nxd7 Kxd7 33.a4 Bd5 34.Rb1 Bd4+ 35.Kf1 Be3 36.Bb5+ Kc7
37.Ke2 Bg5 38.a5 Ra8 39.a6 Bc6 40.Bxc6 Kxc6 41.Ra1 Kb6 42.Rhh1 Rxa6 43.Rhb1+ Ka7
44.Rxa6+ Kxa6 45.Rb8 c4 46.Kd1 d5 47.Re8 Kb5 48.Rxe6 d4 49.Re5+ Kb4 50.Rxf5 c3  0-1

[Event "TCh-SWE Elitserien 2004-5"]
[Site "Malmo SWE"]
[Date "2005.03.11"]
[Round "9"]
[White "Hoi,C"]
[Black "Akesson,R"]
[Result "1/2-1/2"]
[WhiteElo "2387"]
[BlackElo "2467"]

1.d4 Nf6 2.c4 e6 3.Nf3 b6 4.Nc3 Bb7 5.a3 d5 6.Bg5 Be7 7.e3 O-O 8.Bd3 dxc4
9.Bxc4 Nbd7 10.O-O c5 11.Qe2 h6 12.Bf4 a6 13.a4 Qc8 14.Rac1 Nh5 15.d5 Nxf4
16.exf4 exd5 17.Nxd5 Bd8 18.Rfd1 Nf6 19.Ne5 Nxd5 20.Bxd5 Bxd5 21.Rxd5 Ra7
22.a5 bxa5 23.Rcxc5 Rc7 24.Qc4 Rxc5 25.Rxc5 Qb7 26.b3 Bb6 27.Rc6 Rd8 28.h3 Rd4
29.Rxb6 Qxb6 30.Qxf7+ Kh7 31.Qf5+ Kg8  1/2-1/2

[Event "TCh-SWE Elitserien 2004-5"]
[Site "Malmo SWE"]
[Date "2005.03.11"]
[Round "9"]
[White "Schneider,St"]
[Black "Hellborg,T"]
[Result "1/2-1/2"]
[WhiteElo "2336"]
[BlackElo "2240"]

1.d4 Nf6 2.c4 e6 3.Nf3 b6 4.Nc3 Bb4 5.Qb3 a5 6.g3 Bb7 7.Bg2 O-O 8.O-O d6
9.Na4 d5 10.c5 bxc5 11.Nxc5 Bc8 12.Ne5 Bxc5 13.dxc5 Nfd7 14.Nd3 Ba6 15.Be3 Qc8
16.Rfc1 Nc6 17.Qa4 Qb7 18.Rab1 Rfe8  1/2-1/2

[Event "Acropolis GM Open"]
[Site "Athens GRE"]
[Date "2005.03.12"]
[Round "7"]
[White "Halkias,S"]
[Black "Socko,B"]
[Result "1/2-1/2"]
[WhiteElo "2533"]
[BlackElo "2591"]

1.d4 Nf6 2.c4 e6 3.Nf3 b6 4.Nc3 Bb7 5.Bg5 Be7 6.Qc2 c5 7.dxc5 bxc5 8.e3 d6
9.Be2 a6 10.Rd1 Qc7 11.O-O O-O 12.Rd2 Rd8 13.Rfd1 Nc6 14.h3 Rd7 15.Ne1 Ne5
16.Bf4 Ng6 17.Bg3 Rad8 18.Bf3 Bxf3 19.Nxf3 Nh5 20.Bh2 f5 21.g4 fxg4 22.hxg4 Nf6
23.g5 Ne8 24.Qe4 Kf7 25.Qg4 Qc6 26.e4 Nc7 27.Bg3 Kg8 28.Kg2 Nf8 29.Rd3 Ne8
30.Kg1 Nc7 31.b3 Ng6 32.Kg2 Nf8 33.Qh3 Ng6 34.Rh1 Nf8 35.Qh5 Qa8 36.Nh4 d5
37.Bxc7 Rxc7 38.exd5 Bd6 39.Nf3 Re7 40.dxe6 Rxe6 41.Nd5 Rde8 42.Re3 Rxe3
43.Nxe3 Re6 44.Nd5 a5 45.Re1 Rxe1 46.Nxe1 a4 47.Qf3 Qe8 48.Kf1 Ne6 49.Qe3 axb3
50.axb3 Qg6 51.f4 Qf5 52.Nd3 h6 53.gxh6 g5 54.Qe4 Qh3+ 55.Ke1 Qxh6 56.f5 Nf8
57.f6 Qh2 58.Qf5 Qg3+ 59.Kd2 Kf7 60.Ne3 Qh2+ 61.Kc1 Ne6 62.Qd5 Bf4 63.Ne5+ Bxe5
64.Qd7+ Kg6 65.Qe8+ Kh7 66.Qf7+ Kh8 67.Qe8+ Kh7 68.Qf7+ Kh8 69.Qe8+ Kh7 70.Qxe6 Qb2+
71.Kd1 Qxb3+ 72.Ke2 Qb2+ 73.Kf3 Bxf6 74.Qf7+ Kh8 75.Qf8+ Kh7 76.Qf7+ Kh8
77.Qf8+ Kh7 78.Qxc5 Qe5 79.Qxe5  1/2-1/2

[Event "FSGM March"]
[Site "Budapest HUN"]
[Date "2005.03.12"]
[Round "8"]
[White "Porat,S"]
[Black "Ilincic,Z"]
[Result "1-0"]
[WhiteElo "2395"]
[BlackElo "2502"]

1.d4 Nf6 2.c4 e6 3.Nf3 b6 4.Nc3 Bb4 5.Qc2 Bb7 6.a3 Be4 7.Qb3 Bxc3+ 8.Qxc3 O-O
9.Bg5 h6 10.Bh4 d5 11.Nd2 Bh7 12.cxd5 exd5 13.e3 Nbd7 14.Bb5 c6 15.Ba6 c5
16.O-O Qe7 17.Rac1 c4 18.Bb5 Nb8 19.Qb4 Qxb4 20.axb4 Bd3 21.Rfd1 a6 22.Ra1 Nfd7
23.Nb1 Bxb1 24.Rdxb1 Rc8 25.Ra3 f5 26.Rba1 Rc7 27.Bxa6 Nxa6 28.Rxa6 Rxa6
29.Rxa6 c3 30.bxc3 Rxc3 31.h3 Kf7 32.Ra7 Ke6 33.Ra8 g5 34.Bg3 Rb3 35.Rh8 Rxb4
36.Rxh6+ Kf7 37.Rd6 Nf6 38.f3 f4 39.exf4 Nh5 40.Kh2 gxf4 41.Bf2 b5 42.Rxd5 Kg6
43.Bh4 Rb1 44.Rd6+ Kg7 45.d5 b4 46.Rb6 Rd1 47.d6 b3 48.Rb7+ Kg6 49.d7 Nf6
50.Rb6 b2 51.Bxf6  1-0

[Event "TCh-SWE Elitserien 2004-5"]
[Site "Malmo SWE"]
[Date "2005.03.12"]
[Round "10"]
[White "Hamark,J"]
[Black "Ornstein,A"]
[Result "1-0"]
[WhiteElo "2222"]
[BlackElo "2426"]

1.d4 Nf6 2.Nf3 e6 3.c4 b6 4.Nc3 Bb4 5.Bg5 Bb7 6.e3 h6 7.Bh4 g5 8.Bg3 Ne4
9.Qc2 Bxc3+ 10.bxc3 d6 11.Bd3 f5 12.d5 Nc5 13.h4 g4 14.Nd4 Qf6 15.O-O Nba6
16.Nxe6 Nxe6 17.Bxf5 Ng7 18.Bg6+ Kd7 19.f3 Raf8 20.fxg4 Qe7 21.e4 Kc8 22.Rfe1 Ne8
23.h5 Kb8 24.e5 dxe5 25.Bxe5 Rhg8 26.Qd2 Qc5+ 27.Qd4 Bc8 28.g5 hxg5 29.Rf1 Nd6
30.Rxf8 Rxf8 31.h6 Qa3 32.h7 Nc5 33.Bxd6 cxd6 34.h8=Q Rxh8 35.Qxh8  1-0